Top 5 Countries by # of Letters Quiz Stats

Quiz Updated Jun 22, 2017

Also try: 4-Letter Countries
Challenge
Share
Tweet
Embed
Score 0/45 Timer 06:00
3 Plays Today
# of Letters Country % Correct
5China
98.3%
12+United States
97.4%
5India
96%
6Russia
94.5%
6Brazil
93.7%
6France
92.9%
7Germany
92.6%
12+United Kingdom
92.3%
6Mexico
90.1%
5Japan
89.9%
4Iran
85.1%
9Argentina
85%
5Italy
84%
4Iraq
83.8%
11South Africa
83.3%
5Egypt
83.2%
9Australia
82%
9Indonesia
81.5%
4Peru
81.1%
8Pakistan
78.1%
7Nigeria
74%
10South Korea
71.6%
6Turkey
71.3%
# of Letters Country % Correct
7Vietnam
67.8%
4Chad
67.1%
8Thailand
65.9%
8Colombia
65.7%
12+Democratic Republic of the Congo
65.5%
10Bangladesh
61.8%
11Saudi Arabia
61.6%
7Ukraine
60.8%
11Philippines
60.1%
9Venezuela
58.9%
10North Korea
58.3%
11Afghanistan
57.9%
8Ethiopia
54.7%
4Mali
53.9%
7Myanmar
43.1%
8Tanzania
36.5%
10Uzbekistan
29.5%
10Mozambique
28.8%
9Guatemala
20.9%
12+Dominican Republic
18.9%
12+Papua New Guinea
17.9%
11Côte d'Ivoire
17.5%

You're not logged in!

Compare scores with friends on all Sporcle quizzes.
Sign Up with Email
OR
Log In

Show Comments

Extras

Top Quizzes Today


Score Distribution

Your Account Isn't Verified!

In order to create a playlist on Sporcle, you need to verify the email address you used during registration. Go to your Sporcle Settings to finish the process.